[Event "Online Olym Div3 D 2020"]
[Site "chess.com INT"]
[Date "2020.07.09"]
[Round "9.5"]
[Board "5"]
[White "McKennis, Darren"]
[Black "Bjerre, Jonas Buhl"]
[Result "0-1"]
[BlackTitle "GM"]
[WhiteElo "1735"]
[BlackElo "2549"]
[WhiteTeam "Jamaica"]
[BlackTeam "Denmark"]
[WhiteFideId "7402872"]
[BlackFideId "1444948"]
[EventDate "2020.07.07"]
[EventType "team"]

1. d4 Nf6 2. c4 e6 3. Nc3 Bb4 4. Qc2 O-O 5. Nf3 d6 6. a3 Bxc3+ 7. bxc3 b6 8. e4
e5 9. Bd3 Nc6 10. O-O Bg4 11. Be3 Bxf3 12. gxf3 Nh5 13. Qd2 Qf6 14. Be2 Ne7 15.
Kh1 Ng6 16. Rg1 Ngf4 17. Rg4 g6 18. d5 Qe7 19. Rag1 Kh8 20. Bd3 Nh3 21. Bh6 Nxg1
22. Bxf8 Nxf3 23. Bxe7 Nxd2 24. Bg5 Nb3 25. Bc2 Nc5 26. Be3 Nf6 27. Rh4 h5 28.
f3 Rg8 29. Bg5 Nfd7 30. Be3 a6 31. a4 b5 32. cxb5 axb5 33. axb5 Ra8 34. Bg1 Ra2
35. Bd1 Rd2 36. b6 cxb6 37. f4 Rxd1 38. fxe5 Nxe5 39. Kg2 Rxg1+ 0-1

[Event "Online Olym Div3 D 2020"]
[Site "chess.com INT"]
[Date "2020.07.09"]
[Round "9.5"]
[Board "6"]
[White "van den Brink, Nienke"]
[Black "Miller, Rachel"]
[Result "0-1"]
[BlackTitle "CM"]
[WhiteElo "1811"]
[BlackElo "2004"]
[WhiteTeam "Denmark"]
[BlackTeam "Jamaica"]
[WhiteFideId "1452568"]
[BlackFideId "7401302"]
[EventDate "2020.07.07"]
[EventType "team"]

1. e4 e5 2. Nf3 Nc6 3. d4 exd4 4. Nxd4 Nf6 5. Nxc6 bxc6 6. e5 Qe7 7. Qe2 Nd5 8.
c4 Nb6 9. Nc3 Bb7 10. f4 O-O-O 11. Be3 c5 12. O-O-O g6 13. Qf2 f6 14. exf6 Qxf6
15. Bd3 d6 16. f5 gxf5 17. Bxf5+ Kb8 18. Rhf1 Nxc4 19. Qe2 Nxe3 20. Qxe3 Bh6 21.
Rf4 Qe5 22. Qxe5 dxe5 23. Re1 Bxf4+ 24. Kc2 0-1